Über die Neuregelung der Bauernbefreiung in Ungarn nach 1849
| Titel: | Über die Neuregelung der Bauernbefreiung in Ungarn nach 1849 |
|---|---|
| Verfasser: | |
| In: |
Studies in East European social history ; 2, (1981), Seite 109-138 alle Artikel anzeigen |
| Veröffentlicht: | 1981 |
| Format: | Aufsatz |
| Sprache: | Englisch |
X
alg: 39165067 001A $01999:11-11-16 001B $01999:25-04-21 $t10:53:34.000 001D $01999:11-11-16 001U $0utf8 001X $00 002@ $0Aox 003@ $039165067X 007A $039165067X $aHEB 007T $0Herd80920 010@ $aeng 011@ $a1981 021A $aÜber die Neuregelung der Bauernbefreiung in Ungarn nach 1849 028A $aSándor $dPál 031A $h109-138 $j1981 039B $aIn $8--Afu--. Studies in East European social history ; 2. - Leiden : Brill, (1981). - 189 S.. - ISBN 90-04-06386-2 $x198100000000000891 $909263320X 045F $a630.9439 $eDDC23BSB 045F/01 $a630.9 045F/03 $g439 lok: 39165067 78 exp: 39165067 78 1 #EPN 201B/01 $019-04-17 $t10:19:08.000 201U/01 $0utf8 203@/01 $0787745227 208@/01 $a11-11-16 $be 209A/01 $a/ $f000 $x00 220C/01 $aTitelaufnehmer: cs 244Z/01 $2Trx $#Ungari $#Vengrija $#Ungārija $#Ungarn $#Hungary $#Węgry $#Maďarsko $#Maďarsko $#Uhorsko $#Uhersko;Uhry $8--Trx--Magyarország $x01 $9391197150 244Z/01 $aGeschichte 1849-1865 $x02 244Z/01 $2Trx $#talunike vabastamine 19 saj. $#baudžiavos panaikinimas XIX a. $#Peasant emancipation $#jobbágyfelszabadítás XIX. század $#uwłaszczenie chłopów XIX w. $#zrušenie poddanstva 19. storočie $#zrušení poddanství 19. století $8--Trx--Bauernbefreiung$g19. Jh. $x03 $9391360027 244Z/01 $2Trx $8--Trx--Einzelbeiträge $x04 $9391384570 245Z/01 $a09.03 $x01 247C/01 $82080>Marburg/Lahn, Herder-Institut, Forschungsbibliothek, Bibliographieportal $9336309341
| LEADER | 00000caa a22000002c 4500 | ||
|---|---|---|---|
| 001 | 39165067X | ||
| 003 | DE-603 | ||
| 005 | 20210425105334.0 | ||
| 007 | tu | ||
| 008 | 161111s1981 xx |||| | u00||u|eng c | ||
| 035 | |a (DE-599)HEB39165067X | ||
| 040 | |a DE-603 |b ger |c DE-603 |d DE-603 | ||
| 041 | |a eng | ||
| 082 | 0 | 4 | |8 1\u |a 630.9439 |q DE-101 |2 23/BSB |
| 085 | |8 1\u |b 630.9 | ||
| 085 | |8 1\u |z 2 |s 439 | ||
| 100 | 1 | |a Sándor, Pál | |
| 245 | 0 | 0 | |a Über die Neuregelung der Bauernbefreiung in Ungarn nach 1849 |
| 264 | 0 | |c 1981 | |
| 773 | 0 | 8 | |i In |t Studies in East European social history ; 2 |d Leiden : Brill, (1981) |h 189 S. |z 9004063862 |g (1981), Seite 109-138 |w (DE-603)09263320X |
| 924 | 0 | |9 2080 |a (DE-603)787745227 |b DE-2080 |c HES |d d |g / | |


